Teoría intuitiva de los conjuntos
Shranjeno v:
| Glavni avtor: | |
|---|---|
| Format: | Knjiga |
| Jezik: | španščina |
| Izdano: |
Ciudad de México
Continental
1965
|
| Teme: | |
| Oznake: |
Označite
Brez oznak, prvi označite!
|
MARC
| LEADER | 00000nam a2200000 a 4500 | ||
|---|---|---|---|
| 001 | UCW1438 | ||
| 003 | CL-VaPUC | ||
| 008 | 920630e19650000MX |||||||||||||||||spa|d | ||
| 082 | 0 | 4 | |a 511.322 |b HAL |2 21 |
| 100 | |a Halmos, Paul Richard |e author |9 591370 | ||
| 245 | 1 | 0 | |a Teoría intuitiva de los conjuntos |
| 300 | |a 151 p | ||
| 942 | |c BK | ||
| 945 | |d 19920630 00:00:00 |a mfernand | ||
| 260 | |a Ciudad de México |b Continental |c 1965 | ||
| 650 | 0 | |a Teoría de conjuntos |9 265668 | |
| 583 | |a last modification |c 19920630 00:00:00 |k Rodrigo Vera | ||
| 999 | |c 216328 |d 216326 | ||
| 952 | |0 0 |1 0 |4 0 |6 511_322000000000000_HAL_1965 |7 0 |8 A |9 201945 |a BIBMAT |b BIBMAT |d 2019-11-14 |i 1494570 |l 2 |m 1 |o 511.322 HAL 1965 |p 1494570 |r 2025-01-07 |s 2022-07-13 |w 2019-11-14 |y BK |k MAT | ||